01113cam a22003017a 450000100060000000300080000600500170001400800410003102000260007202000270009803500440012503500170016904000320018604100080021808200260022624501210025224600170037326000910039030000380048150001130051950400510063265000180068365000160070165000270071770000190074470000210076370000270078412110BD-RjUL20211208235233.0140128s2004 enka b 001 0 eng d a0521837367 (hardback) a0521546214 (paperback) a(BD-RjUL)12159a(CStRLIN)NYCXV5106416-B a(NIC)5106416 aSTIcSTIdDLCdBD-RjULbeng aeng00a576.839222bINT 200403aAn introduction to astrobiology /cedited by Iain Gilmour and Mark A. Sephton ; authors, Andrew Conway ... [et al.].30aAstrobiology aMilton Keynes, UK :bOpen University ;aNew York :bCambridge University Press,c2004. avi, 358 p. :bcol. ill. ;c26 cm. a"This publication forms part of an Open University course S283 'Planetary Science and the Search for Life'." aIncludes bibliographical references and index. 0aLifexOrigin. 0aExobiology. 0aLife on other planets.1 aGilmour, Iain.1 aSephton, Mark A.1 aConway, Andrew,d1972-